20 More Anti-Jokes Quiz Stats

 Plays Quiz Updated Dec 6, 2015

Also try: 20 Anti-Jokes
Challenge
Share
Tweet
Embed
Score 0/20 Timer 05:00
0 Plays Today
% Correct
'Robin, get in the Batmobile!'
95.4%
'We're both lawyers.'
95.3%
Red paint.
95.1%
An horse.
94.9%
'Meow.'
94.8%
Pansies are grey, I am a dog.
94.3%
Because they are antisocial creatures by nature.
94.2%
'Where's my tractor?'
93.9%
It's not. Numbers don't have feelings.
93.5%
Because there are more birds on that side.
93.5%
% Correct
You set an alarm to ring at a reasonable time.
93.3%
And nothing happened.
92.4%
A pool table.
92.3%
Scream and scratch at the top of his coffin.
91.9%
They are killed by a high strength medical shampoo.
90.3%
They were really excited about inventing a phone that could call the future.
89.3%
A media circus that focuses on the morals and ethics of genetic engineering.
86%
Several people get up and run away screaming 'Help!' or 'Aah!'
83.8%
He was greeted with much respect by the patrons who admired his acting career.
81.2%
The farmer left the fence open, so it wandered out and happened upon a road.
76.3%

You're not logged in!

Compare scores with friends on all Sporcle quizzes.
Join for Free
OR
Log In

You Might Also Like...

Show Comments

Extras

Top Quizzes Today


Score Distribution

Your Account Isn't Verified!

In order to create a playlist on Sporcle, you need to verify the email address you used during registration. Go to your Sporcle Settings to finish the process.

Report this User

Report this user for behavior that violates our Community Guidelines.

Details: